| 000 | 00656nam a22001937a 4500 | ||
|---|---|---|---|
| 005 | 20251108174611.0 | ||
| 008 | 250721s2001 xx 000 0 ara d | ||
| 082 | 1 | 4 | _a956.0019/خلي |
| 100 | 1 | _aالخليفة، عمر مارون | |
| 245 | 1 | 0 | _aعلم النفس التجريبي في التراث العربي الإسلامي / |
| 264 | 1 |
_aعمان : _bدار الفارس للنشر، _c2001. |
|
| 300 | _a444ص. | ||
| 650 | 1 | 7 | _aالحضاره الاسلاميه |
| 650 | 1 | 7 | _aالتاريخ الاسلامي |
| 650 | 1 | 7 | _aعلم النفس التجريبي |
| 650 | 1 | 7 | _aابحاث علم النفس |
| 942 |
_2ddc _cBK |
||
| 999 |
_c113258 _d113258 |
||